000
00302nam a22001217a 4500
008
170508b xxu||||| |||| 00| 0 eng d
041
_a
eng
080
_2
4 ED
_a
34
100
_a
14
101
_a
SHJ
245
_a
LEGAL WRITING GETTING IT RIGHT AND GETTING
_c
RAY.M.B
942
_2
udc
_c
BK
999
_c
12925
_d
12925